00680cam a2200157 a 4500020002800000082001500028245003900043260005600082500020300138650003000341650002100371650001800392700002600410700002600436856006000462 a0841227055 (alk. paper)00a615.32 HUM00aHuman medicinal agents from plants aWashington, DC :bAmerican Chemical Society,c1993. a"Developed from a symposium sponsored by the Division of Agricultural and Food Chemistry at the 203rd National Meeting of the American Chemical Society, San Francisco, California, April 5-10, 1992." 0aMateria medica, Vegetable 0aMedicinal plants 0aPharmacognosy1 aKinghorn, A. Douglas.1 aBalandrin, Manuel F.,40uhttp://www.columbia.edu/cgi-bin/cul/resolve?clio9344980